000 00333nam a2200133Ia 4500
005 20251222144801.0
008 251222s9999||||xx |||||||||||||| ||spa||
020 _a9972-208-47-8
082 _a657.1/V19
100 _aValdivia Cubas, Tatiana
245 0 _aPlan Contable General Revisado
264 _bGaceta Jurídica
942 _cLIB
999 _c19716
_d19716